Principles of Physics : For Scientists and Engineers /
Guardado en:
| Autor principal: | |
|---|---|
| Otros autores: | |
| Formato: | Libro |
| Idioma: | Inglés |
| Publicado: |
Cham, Suiza :
Springer,
2024, c2024
|
| Edición: | 2a edición |
| Colección: | (Undergraduate Lecture Notes in Physics)
|
| Temas: | |
| Acceso en línea: | Ver documento en línea |
| Etiquetas: |
Sin etiquetas, Sé el primero en etiquetar este registro!
|
MARC
| LEADER | 00000nam^a2200000^a^4500 | ||
|---|---|---|---|
| 001 | 000630799 | ||
| 005 | 20260415000000.0 | ||
| 009 | 20260415195732.673 | ||
| 020 | |a 978-3-030-48028-8 | ||
| 037 | |a Acervo ITESO - Biblioteca | ||
| 041 | |a ING | ||
| 082 | |a 530. |b RAD | ||
| 100 | |a Radi, Hafez A. |e (autor) | ||
| 245 | 1 | 0 | |a Principles of Physics : |b For Scientists and Engineers / |c H.A. Radi, J.O. Rasmussen. |
| 250 | |a 2a edición | ||
| 264 | 4 | |a Cham, Suiza : |b Springer, |c 2024, c2024 | |
| 264 | 2 | |a Cham, Suiza : |b Springer Link [distribución], |c 2026, c2026 | |
| 300 | |a 1 libro electrónico en línea (XX, 951 p.) | ||
| 300 | |a 1 recurso en línea | ||
| 336 | |a datos para computadora |b cod |2 rdacontenido | ||
| 337 | |a computadora |b c |2 rdamedio | ||
| 338 | |a recurso en línea |b cr |2 rdasoporte | ||
| 440 | 1 | |a (Undergraduate Lecture Notes in Physics) | |
| 506 | 0 | |a Licencias ilimitadas | |
| 521 | |a 2025 BO Licenciatura en Ingeniería en Nanotecnología | ||
| 649 | |a XX | ||
| 650 | |a Electricidad | ||
| 650 | |a Magnetismo | ||
| 650 | |a Mecánica | ||
| 650 | |a Termodinámica | ||
| 650 | |a Unidades (Medición) | ||
| 650 | |a Física - |x Generalidades - |x Tema Principal | ||
| 700 | |a Rasmussen, John O. |e (autor) | ||
| 856 | 4 | 0 | |u https://link-springer-com.ezproxy.iteso.mx/10.1007/978-3-030-48028-8 |y Ver documento en línea |
| 910 | |a Fondo General | ||
| 920 | |a Electrónicos - Libros en Línea | ||
| 930 | |a Plataforma Digital | ||
| 905 | |a 205 | ||
| 902 | |a https://opac.biblio.iteso.mx/vufind/Record/000630799 | ||